أسس التنمية والتخطيط الإجتماعي = (رقم التسجيلة. 75206)
[ عرض عادي ]
| 000 -الفاتح | |
|---|---|
| حقل البيانات ثابتة الطول | 00852nam a22002177a 4500 |
| 003 - محدد رقم الضبط | |
| رقم الضبط | OSt |
| 005 - وقت وتاريخ اخر تعامل مع التسجيلة | |
| رقم الضبط | 20181218115425.0 |
| 008 - عناصر البيانات ثابتة الطول - معلومات عامة | |
| حقل البيانات ثابتة الطول | 130130s2018 su a f b 00| 0 ara d |
| 020 ## - الرقم الدولى المعيارى للكتب | |
| الرقم الدولى المعيارى للكتاب | 9786038227053 |
| 040 ## - مصدر الفهرسة | |
| وكالة الفهرسة الأصلية | mu-in |
| لغة الفهرسة | ara |
| 082 04 - رقم تصنيف ديوى العشرى | |
| رقم الطبعة | 21 |
| رقم التصنيف | 307.14 |
| رقم المادة | ب أ أ |
| 100 ## - المدخل الرئيسى - إسم شخصى | |
| الإسم الشخصى | بدري، أميرة يوسف بابكر |
| 9 (RLIN) | 65096 |
| 245 10 - بيان العنوان | |
| العنوان | أسس التنمية والتخطيط الإجتماعي = |
| بيان المسئوليه,etc | أميرة يوسف بابكر بدري. |
| بقية العنوان | the Foundations of Development and social Planning / |
| 250 ## - بيان الطبعة | |
| بيان الطبعة | ط. 1. |
| 260 ## - PUBLICATION, DISTRIBUTION, ETC. (IMPRINT) | |
| مكان الناشر او الموزع | جدة، السعودية : |
| اسم الناشر او الموزع | خوارزم العلمية، |
| تاريخ النشر أو التوزيع | 2018 |
| -- | 1439 |
| 300 ## - الوصف المادى | |
| التعداد | 244 ص. : |
| تفاصيل ماديه اخرى للوعاء | جداول ؛ |
| أبعاد الوعاء | 24 سم. |
| 504 ## - تبصرة ببليوجرافية | |
| تبصرة ببليوجرافية,الخ | يشتمل علي قائمة ببليوجرافية . |
| 650 #4 - المدخل الاضافى بالموضوع-مصطلح موضوعى | |
| مصطلح موضوعي أو اسم جغرافي كعنصر مدخل | التنمية الاجتماعية |
| 9 (RLIN) | 65099 |
| 650 #4 - المدخل الاضافى بالموضوع-مصطلح موضوعى | |
| مصطلح موضوعي أو اسم جغرافي كعنصر مدخل | التخطيط الاجتماعي |
| 9 (RLIN) | 65100 |
| 942 ## - عناصر المدخل الإضافي( كوها) | |
| Koha [default] item type | كتاب |
| حالة الفقد | نموذج السعر الفعال | حالة تلف | ليس للاعارة | رقم الطلب | تاريخ الاكتساب | الموقع الحالي | الباركود | الفرع الرئيسي | Date last seen | نوع المادة فى نظام كوها | مصدر التصنيف او خطة الترفيف | Total Checkouts |
|---|---|---|---|---|---|---|---|---|---|---|---|---|
| 2018-12-18 | 307.14 ب أ أ | 2018-12-18 | المكتبة المركزية بالمجمعة (CL) | 00800142 | المكتبة المركزية بالمجمعة (CL) | 2018-12-18 | كتاب | Dewey Decimal Classification | ||||
| 2018-12-18 | 307.14 ب أ أ | 2018-12-18 | المكتبة المركزية بالمجمعة (CL) | 00800143 | المكتبة المركزية بالمجمعة (CL) | 2018-12-18 | كتاب | Dewey Decimal Classification | ||||
| 2018-12-18 | 307.14 ب أ أ | 2018-12-18 | المكتبة المركزية بالمجمعة (CL) | 00800144 | المكتبة المركزية بالمجمعة (CL) | 2018-12-18 | كتاب | Dewey Decimal Classification | ||||
| 2018-12-18 | 307.14 ب أ أ | 2018-12-18 | مكتبة كلية التربية بالزلفى - طالبات (EZF) | 00800145 | مكتبة كلية التربية بالزلفى - طالبات (EZF) | 2018-12-18 | كتاب | Dewey Decimal Classification | ||||
| 2018-12-18 | 307.14 ب أ أ | 2018-12-18 | مكتبة كلية التربية بالزلفى - طالبات (EZF) | 00800146 | مكتبة كلية التربية بالزلفى - طالبات (EZF) | 2018-12-18 | كتاب | Dewey Decimal Classification | ||||
| 2018-12-18 | 307.14 ب أ أ | 2018-12-18 | مكتبة مجمع الطالبات بالمجمعة (EMF) | 00800147 | مكتبة مجمع الطالبات بالمجمعة (EMF) | 2018-12-18 | كتاب | Dewey Decimal Classification | ||||
| 2018-12-18 | 307.14 ب أ أ | 2018-12-18 | مكتبة مجمع الطالبات بالمجمعة (EMF) | 00800148 | مكتبة مجمع الطالبات بالمجمعة (EMF) | 2018-12-18 | كتاب | Dewey Decimal Classification |
